[Event "AUTO-INT-1624"]
[Site "http://www.queenalice.com/game.php?id=738707"]
[Date "2010.2.27"]
[Round "1"]
[White "LeandroSouza"]
[Black "jpcamilo"]
[Result "1-0"]
[WhiteElo "1629"]
[BlackElo "1615"]

1. e4 e5 2. Nf3 Nc6 3. Bb5 Qf6 4. Bxc6 Qxc6 5. Nxe5 Qxe4+ 6. Qe2 Qxe2+ 7. Kxe2
d6 8. Nd3 Nf6 9. h3 Be6 10. Re1 O-O-O 11. Kf1 g5 12. Nc3 Kb8 13. b3 g4 14. Nf4
gxh3 15. Nxe6 h2 16. Ke2 fxe6 17. Rh1 Ng4 18. f3 Ne5 19. Rxh2 d5 20. d4 Nc6 21.
Be3 Nb4 22. Kd2 Bd6 23. Rh6 Rdg8 24. g4 e5 25. Nb5 exd4 26. Bxd4 b6 27. Nxd6
cxd6 28. Bxh8 Rxh8 29. Rxd6 Rf8 30. Kc3 Na6 31. Rf1 Rc8+ 32. Kb2 Nb4 33. Rd7
Rxc2+ 34. Ka3 Nxa2 35. Rxd5 Nc3 36. Rd7 Kc8 37. Rxh7 Ra2+ 38. Kb4 Nd5+ 39. Kc4
Ne3+ 40. Kd4 Nxf1 41. Kd5 Rd2+ 42. Ke5 Re2+ 43. Kf4 Kb8 44. g5 Re8 45. g6 Rg8
46. g7 Nd2 47. Rh8 Nxb3 48. Rxg8+ Kb7 49. Rh8 Nd4 50. g8=Q a5 51. Qd5+ Nc6 52.
Rh7+ Ka6 53. Qxc6 a4 54. Qxa4# 1-0

[Event "AUTO-INT-1639"]
[Site "http://www.queenalice.com/game.php?id=745384"]
[Date "2010.3.13"]
[Round "1"]
[White "priit57"]
[Black "jpcamilo"]
[Result "1-0"]
[WhiteElo "1742"]
[BlackElo "1611"]

1. e4 e5 2. Nf3 Nc6 3. Bb5 Qf6 4. O-O Nd4 5. Nxd4 exd4 6. d3 Qh4 7. Nd2 Bd6 8.
e5 Bxe5 9. Nf3 Qh5 10. Nxe5 Qxe5 11. Re1 Qxe1+ 12. Qxe1+ Ne7 13. Bf4 c6 14. Bd6
O-O 15. Qxe7 g6 16. Qxf8# 1-0

[Event "AUTO-INT-1639"]
[Site "http://www.queenalice.com/game.php?id=745385"]
[Date "2010.3.13"]
[Round "1"]
[White "jpcamilo"]
[Black "priit57"]
[Result "0-1"]
[WhiteElo "1611"]
[BlackElo "1791"]

1. d4 Nf6 2. Nc3 d5 3. Bf4 e6 4. Nb5 Bb4+ 5. c3 Ba5 6. b4 Bb6 7. Qa4 Bd7 8. Qc2
Bxb5 9. Nf3 a5 10. a4 axb4 11. cxb4 Nc6 12. e3 Bxf1 13. Rxf1 Nxb4 14. Qc3 Ne4
15. Qxb4 Ba5 16. Qxa5 Rxa5 17. Ne5 g5 18. Bg3 Qd6 19. Ng4 Qb4+ 20. Ke2 Qc4+ 21.
Kf3 Nd2# 0-1

[Event "AUTO-INT-1639"]
[Site "http://www.queenalice.com/game.php?id=745392"]
[Date "2010.3.13"]
[Round "1"]
[White "jpcamilo"]
[Black "donchoa"]
[Result "0-1"]
[WhiteElo "1592"]
[BlackElo "1365"]

1. d4 b6 2. Nc3 Nf6 3. d5 e6 4. Bg5 Bb4 5. Qd4 Be7 6. O-O-O Bc5 7. Qf4 e5 8.
Qxe5+ Be7 9. Nb5 d6 10. Qe3 Nbd7 11. Qc3 Nxd5 12. Rxd5 Bxg5+ 13. e3 Nc5 14. Qxg7
Bf6 15. Qg3 c6 16. Nxd6+ Kf8 17. Rh5 Ke7 18. Nf5+ Bxf5 19. Rxf5 Ne4 20. Bd3 Nxg3
21. hxg3 b5 22. Rh6 Qa5 23. a3 Qe1# 0-1

[Event "AUTO-INT-1639"]
[Site "http://www.queenalice.com/game.php?id=745393"]
[Date "2010.3.13"]
[Round "1"]
[White "donchoa"]
[Black "jpcamilo"]
[Result "1-0"]
[WhiteElo "1437"]
[BlackElo "1592"]

1. e4 e5 2. c3 Nf6 3. Nf3 Qe7 4. Qb3 h6 5. Qb5 Nc6 6. d4 Nxe4 7. Qe2 exd4 8.
cxd4 Qb4+ 9. Nbd2 d5 10. Qb5 a6 11. Qxd5 Nxd2 12. Nxd2 Nxd4 13. Qe4+ Be6 14. a3
Qc5 15. Bd3 O-O-O 16. O-O Qg5 17. Kh1 Bf5 18. Nf3 Nxf3 19. Qxf5+ Kb8 20. Bxg5
hxg5 21. Qxf3 Bd6 22. g3 Rh3 23. Bf5 Rh6 24. Qb3 g6 25. Be4 f5 26. Qxb7# 1-0

[Event "AUTO-INT-1521"]
[Site "http://www.queenalice.com/game.php?id=771719"]
[Date "2010.5.6"]
[Round "2"]
[White "silverado"]
[Black "jpcamilo"]
[Result "0-1"]
[WhiteElo "1639"]
[BlackElo "1644"]

1. e4 e5 2. Bc4 h6 3. Qh5 g6 4. Qxe5+ Qe7 5. Qxh8 Qxe4+ 6. Be2 Qxc2 7. Nc3 Ne7
8. Qh7 Nbc6 9. Nf3 Qf5 10. d4 Nb4 11. Bd1 Nd3+ 12. Ke2 Nf4+ 13. Bxf4 Qxf4 14.
Re1 d6 15. g3 Qf5 16. Qh8 Qe6+ 17. Kf1 Qc4+ 18. Be2 Qe6 19. Bb5+ c6 0-1

[Event "AUTO-INT-1521"]
[Site "http://www.queenalice.com/game.php?id=771720"]
[Date "2010.5.6"]
[Round "2"]
[White "jpcamilo"]
[Black "silverado"]
[Result "1-0"]
[WhiteElo "1627"]
[BlackElo "1656"]

1. d4 c5 2. d5 e6 3. dxe6 fxe6 4. e4 g6 5. Nf3 h6 6. Ne5 Qf6 7. Nxg6 Qxg6 8. Nc3
Be7 9. Nb5 Qxe4+ 10. Be3 Bd8 11. Nd6+ Ke7 12. Nxc8+ Kf6 13. Nd6 Qb4+ 14. c3 Qxb2
15. Ne4+ Kg6 16. Qg4+ Kf7 17. Nd6+ Kf8 18. Qf4+ Bf6 19. Bc4 1-0

[Event "AUTO-INT-1540"]
[Site "http://www.queenalice.com/game.php?id=775511"]
[Date "2010.5.14"]
[Round "2"]
[White "El_Pagano1313"]
[Black "jpcamilo"]
[Result "1-0"]
[WhiteElo "1559"]
[BlackElo "1674"]

1. e4 e5 2. Nf3 Nc6 3. d4 exd4 4. Nxd4 Nxd4 5. Qxd4 Nf6 6. e5 c5 7. Qe3 Ng4 8.
Qf4 Qa5+ 9. c3 Nh6 10. Bc4 Be7 11. O-O O-O 12. Be3 Qb6 13. b4 Qg6 14. Nd2 Nf5
15. Ne4 Nxe3 16. fxe3 cxb4 17. cxb4 Bxb4 18. Ng5 d5 19. Bxd5 Be6 20. Bxb7 Rad8
21. Nxe6 fxe6 22. Qxb4 Rf5 23. Be4 Rxf1+ 24. Rxf1 Qg4 25. Qe7 Rc8 26. Qf7+ Kh8
27. Qf8+ Rxf8 28. Rxf8# 1-0

[Event "AUTO-INT-1540"]
[Site "http://www.queenalice.com/game.php?id=775512"]
[Date "2010.5.14"]
[Round "2"]
[White "jpcamilo"]
[Black "El_Pagano1313"]
[Result "1-0"]
[WhiteElo "1653"]
[BlackElo "1611"]

1. d4 Nf6 2. Nc3 d5 3. Nf3 h6 4. Ne5 e6 5. e3 Bd6 6. Bb5+ c6 7. Bd3 a6 8. O-O c5
9. f4 b5 10. dxc5 Bxc5 11. Qf3 d4 12. Nc6 Nxc6 13. Qxc6+ Bd7 14. Qxc5 Rc8 15.
Qxd4 O-O 16. f5 exf5 17. Bxf5 Bxf5 18. Rxf5 Qxd4 19. exd4 b4 20. Na4 Rxc2 21. h3
Re8 22. Bf4 Ree2 23. Rf1 Rxg2+ 24. Kh1 Ne4 25. Nc5 Nf2+ 26. Kxg2 Ne4+ 27. Kh1
Nxc5 28. Rg1 Kh7 29. Rxf7 Nd3 30. Rgxg7+ Kh8 31. Bxh6 Rc1+ 32. Kg2 Rc8 33. Rc7
Nf4+ 34. Kh2 Rxc7 35. Rxc7 Nd3 36. b3 a5 37. Bd2 1-0

[Event "AUTO-INT-1540"]
[Site "http://www.queenalice.com/game.php?id=775515"]
[Date "2010.5.14"]
[Round "2"]
[White "jpcamilo"]
[Black "LeandroSouza"]
[Result "0-1"]
[WhiteElo "1642"]
[BlackElo "1660"]

1. d4 d5 2. Nf3 f6 3. Bf4 Nc6 4. Nc3 a6 5. e3 Bf5 6. a3 h5 7. Bd3 Bxd3 8. Qxd3
e5 9. Qg6+ Ke7 10. dxe5 Kd7 11. Qf7+ Kc8 12. exf6 Nxf6 13. O-O-O Qd7 14. Qg6 Ng4
15. Rhf1 Kb8 16. Na4 Ne7 17. Qd3 Qxa4 18. h3 Nf6 19. Ne5 Qe8 20. Qc3 Nc6 21.
Nxc6+ Qxc6 22. Qe5 Bd6 23. Qg5 Bxf4 24. Qxf4 Rd8 25. Qd4 Qd6 26. Rd3 g5 27. Rb3
b6 28. Rd1 Ne4 29. Qg7 Nxf2 30. Rf1 Ne4 31. Rf7 Nc5 32. Rc3 Ra7 33. Qxg5 Ne4 34.
Qg7 Nc5 35. Qd4 Rg8 36. g4 hxg4 37. hxg4 Qe6 38. Rf6 Qe4 39. Qd2 Rxg4 40. Rf8+
Kb7 41. Rf7 Rg1+ 42. Qd1 Rxd1+ 43. Kxd1 Qh1+ 44. Kd2 Ne4+ 45. Kd3 Nxc3 46. Kxc3
Qe1+ 47. Kb3 Qxe3+ 48. c3 Qd3 49. Rd7 Qc4+ 50. Kc2 Kc6 51. Rd8 a5 52. b3 Qe2+
53. Kc1 Kc5 54. a4 c6 55. Kb1 Re7 56. Rg8 Qd1+ 57. Kb2 Re2+ 58. Ka3 Qa1# 0-1

[Event "AUTO-INT-1540"]
[Site "http://www.queenalice.com/game.php?id=775516"]
[Date "2010.5.14"]
[Round "2"]
[White "LeandroSouza"]
[Black "jpcamilo"]
[Result "1-0"]
[WhiteElo "1657"]
[BlackElo "1645"]

1. e4 e5 2. d3 Bb4+ 3. Bd2 Qe7 4. a3 Bc5 5. Qf3 Nf6 6. h3 O-O 7. Nc3 Nc6 8. Nge2
Bd4 9. g3 Nh5 10. Nxd4 Nxd4 11. Qd1 g6 12. Nd5 Qc5 13. c4 d6 14. b4 Qc6 15. Ne7+
Kh8 16. Nxc6 Nxc6 17. Be2 Nf6 18. Bh6 Rg8 19. Be3 a5 20. b5 Nd4 21. Bxd4 exd4
22. O-O Bxh3 23. Re1 Raf8 24. Qa4 b6 25. Kh2 Bd7 26. Kg2 Re8 27. Rh1 Re5 28. Qd1
h5 29. f4 Rc5 30. a4 c6 31. bxc6 Bxc6 32. Rb1 Rb8 33. Bf3 Kg7 34. Qg1 Bxa4 35.
Qxd4 Bc2 36. Qxd6 Rbc8 37. Rxb6 Ba4 38. Qxf6+ Kf8 39. f5 gxf5 40. Rxh5 R5c7 41.
Rh8# 1-0

[Event "AUTO-INT-1787"]
[Site "http://www.queenalice.com/game.php?id=817857"]
[Date "2010.8.13"]
[Round "1"]
[White "Snoopy_GM"]
[Black "jpcamilo"]
[Result "1-0"]
[WhiteElo "1850"]
[BlackElo "1660"]

1. d4 d5 2. c4 dxc4 3. Nc3 Nc6 4. e3 e6 5. Bxc4 Bb4 6. Nf3 Nf6 7. O-O O-O 8. a3
Bxc3 9. bxc3 Ne4 10. Qd3 f5 11. Nd2 Ng5 12. Bb5 f4 13. Bxc6 bxc6 14. e4 c5 15.
Nb3 f3 16. g3 Nh3+ 17. Kh1 cxd4 18. cxd4 Bb7 19. Nc5 Qc8 20. Rb1 Bc6 21. Be3 Qe8
22. Qc4 Bxe4 23. Nxe4 Qh5 24. Qxc7 Rac8 25. Qxa7 Rc2 26. Nc5 e5 27. Rbc1 Re2 28.
Ne6 Qf7 29. Qxf7+ Rxf7 30. Rc8+ Rf8 31. Rxf8# 1-0

[Event "AUTO-INT-1787"]
[Site "http://www.queenalice.com/game.php?id=817858"]
[Date "2010.8.13"]
[Round "1"]
[White "jpcamilo"]
[Black "Snoopy_GM"]
[Result "0-1"]
[WhiteElo "1627"]
[BlackElo "1868"]

1. d4 e6 2. Nf3 c5 3. d5 exd5 4. Qxd5 Nf6 5. Qe5+ Be7 6. e3 d6 7. Qf4 O-O 8. Bd3
Bg4 9. O-O Bxf3 10. Qxf3 Qc7 11. Nc3 Nc6 12. Ne4 Ne5 13. Qh3 c4 14. Be2 d5 15.
Ng5 h6 16. Nf3 Nxf3+ 17. Bxf3 Rad8 18. e4 d4 19. Bxh6 gxh6 20. Qxh6 Nh7 21. Bh5
Bg5 22. Bxf7+ Rxf7 23. Qg6+ Rg7 24. Qe6+ Qf7 25. Qe5 Bf6 26. Qf5 Qg6 27. Qe6+
Kh8 28. g3 Qf7 29. Qf5 Rg5 30. Qa5 Rxa5 31. f4 c3 32. b3 Ra3 33. e5 Bg7 34. Rfe1
Qe6 35. Kg2 Rd5 36. Re4 Ng5 37. Re2 Rda5 38. b4 Rxa2 39. bxa5 Rxa1 40. Kf2 Qh3
41. e6 Qxh2# 0-1

[Event "AUTO-INT-1787"]
[Site "http://www.queenalice.com/game.php?id=817873"]
[Date "2010.8.13"]
[Round "1"]
[White "robertson"]
[Black "jpcamilo"]
[Result "1-0"]
[WhiteElo "1621"]
[BlackElo "1621"]

1. Nc3 d5 2. Nf3 Nf6 3. e3 c6 4. Bd3 Bg4 5. h3 Bxf3 6. Qxf3 e5 7. e4 d4 8. Na4
Qa5 9. b3 Bb4 10. Qf5 O-O 11. h4 Qd8 12. Qxe5 Ng4 13. Qg3 Qd7 14. c3 dxc3 15.
dxc3 Bd6 16. Qf3 Ne5 17. Qe3 Ng4 18. Qf3 b5 19. Nb2 Bc5 20. Be3 Bxe3 21. fxe3 h5
22. g3 Na6 23. Rd1 Qe6 24. Rc1 Nc5 25. Bc2 Rad8 26. Bd1 Nd3+ 27. Nxd3 Rxd3 28.
O-O Nxe3 29. Re1 Qh3 30. Be2 Rd2 31. Qxe3 Rd6 32. Bf1 Qg4 33. Re2 f5 34. exf5
Qxf5 35. Qxa7 Qd3 36. Qe7 Qxg3+ 37. Rg2 Qxg2+ 38. Bxg2 Rg6 39. Rf1 Rgf6 40. Qe2
g6 41. Rxf6 Rxf6 42. Qe8+ Kh7 43. Qe7+ Kh6 44. Qxf6 Kh7 45. Be4 Kg8 46. Qxg6+
Kf8 47. Bxc6 Ke7 48. Qe8+ Kf6 49. Qxh5 Ke6 50. Qd5+ Kf6 51. h5 b4 52. c4 Ke7 53.
h6 1-0

[Event "AUTO-INT-1787"]
[Site "http://www.queenalice.com/game.php?id=817874"]
[Date "2010.8.13"]
[Round "1"]
[White "jpcamilo"]
[Black "robertson"]
[Result "0-1"]
[WhiteElo "1640"]
[BlackElo "1721"]

1. d4 d5 2. Nf3 e6 3. Ne5 f6 4. Ng4 Nc6 5. e3 a6 6. Nc3 Bd6 7. Qf3 Nb4 8. Qe2 f5
9. Ne5 Bxe5 10. dxe5 Bd7 11. a3 Nc6 12. f4 Qe7 13. b4 O-O-O 14. b5 Nb8 15. bxa6
Nxa6 16. Nb5 Bc6 17. Na7+ Kd7 18. a4 Ra8 19. Ba3 Nc5 20. Bxc5 Qxc5 21. Nxc6 bxc6
22. Qd3 Ne7 23. Be2 h5 24. O-O h4 25. h3 Rhg8 26. Bh5 g6 27. Bf3 g5 28. fxg5
Rxg5 29. Kh2 Ng6 30. c4 Nxe5 31. Qc3 Kd6 32. Be2 Rg3 33. Rf4 Rxe3 34. Qd2 Rg3
35. Rxh4 Rag8 36. cxd5 Rxg2+ 37. Kh1 Rg1+ 38. Kh2 R8g2# 0-1

[Event "AUTO-INT-1787"]
[Site "http://www.queenalice.com/game.php?id=817885"]
[Date "2010.8.13"]
[Round "1"]
[White "jpcamilo"]
[Black "Rissoli"]
[Result "0-1"]
[WhiteElo "1646"]
[BlackElo "1903"]

1. d4 Nf6 2. Nf3 e6 3. Ne5 d6 4. Nf3 Be7 5. Bg5 O-O 6. Bxf6 Bxf6 7. d5 Bxb2 8.
Nbd2 Bxa1 9. Qxa1 exd5 10. e3 Bf5 11. h4 Nd7 12. h5 Qf6 13. Qb1 Nc5 14. Qb5 Bxc2
15. Be2 Qa1+ 16. Nb1 Qxb1+ 17. Qxb1 Bxb1 18. O-O Bxa2 19. Bb5 Bc4 20. Bxc4 dxc4
21. Ng5 b5 22. Rb1 c6 23. Rd1 c3 24. Rc1 b4 25. Kf1 b3 26. Rxc3 b2 27. Nf3 b1=Q+
28. Ke2 Qb2+ 29. Kd1 Qxc3 30. Nd2 Rab8 31. Ke2 Rb2 32. Kf3 Qxd2 33. g3 Qd5+ 34.
Kg4 Rb4+ 35. Kh3 Qh1# 0-1

[Event "AUTO-INT-1787"]
[Site "http://www.queenalice.com/game.php?id=817886"]
[Date "2010.8.13"]
[Round "1"]
[White "Rissoli"]
[Black "jpcamilo"]
[Result "1-0"]
[WhiteElo "1912"]
[BlackElo "1652"]

1. e4 e5 2. Nf3 Qf6 3. Nc3 Nc6 4. Nd5 Qd6 5. d4 exd4 6. Bf4 Qc5 7. Nxc7+ Kd8 8.
Nxa8 Qb4+ 9. Bd2 Qxb2 10. Qc1 Ba3 11. Qxb2 Bxb2 12. Rb1 Ba3 13. c3 dxc3 14. Bxc3
f6 15. Bb5 Nce7 16. e5 f5 17. e6 dxe6 18. Rd1+ Nd5 19. Bxg7 Bd7 20. Bxd7 Kxd7
21. Bxh8 Nh6 22. O-O Ke7 23. Be5 Ng4 24. Nc7 Nc3 25. Bxc3 Kf7 26. Ne5+ Nxe5 27.
Bxe5 Be7 28. Rd7 Kf8 29. Nxe6+ Ke8 30. Rxb7 Kf7 31. Bd6 Kxe6 32. Bxe7 h5 33.
Re1+ Kf7 34. Bh4+ Kg6 35. Re6# 1-0